Οι πολιτικές που χρηματοδοτούνται από τον κοινοτικό προπολογισμό και η ελληνική οικονομία : τελική έκθεση: 2013-Μάρτιος 2014
Αποθηκεύτηκε σε:
| Συγγραφή απο Οργανισμό/Αρχή: | |
|---|---|
| Άλλοι συγγραφείς: | |
| Μορφή: | Βιβλίο |
| Γλώσσα: | Greek |
| Δημοσίευση: |
Αθήνα :
Τράπεζα της Ελλάδος,
2014
|
| Θέματα: | |
| Ετικέτες: |
Προσθήκη ετικέτας
Δεν υπάρχουν, Καταχωρήστε ετικέτα πρώτοι!
|
MARC
| LEADER | 00000cam a2200000 i 4500 | ||
|---|---|---|---|
| 001 | 1/52075 | ||
| 008 | 140729s2014 gre d | ||
| 020 | |a 978-960-7032-62-1 (pbk.) | ||
| 035 | |l 10118436 | ||
| 040 | |a GR-MY-UA |b gre |e aacr | ||
| 041 | 0 | |a gre | |
| 082 | 0 | |a 336 |2 (23) | |
| 245 | 1 | 3 | |a Οι πολιτικές που χρηματοδοτούνται από τον κοινοτικό προπολογισμό και η ελληνική οικονομία : |b τελική έκθεση: 2013-Μάρτιος 2014 / |c διεύθυνση Αχιλλέας Μητσός ; Ελληνικό Ίδρυμα Ευρωπαϊκής και Εξωτερικής Πολιτικής |
| 260 | |a Αθήνα : |b Τράπεζα της Ελλάδος, |c 2014 | ||
| 300 | |a 151 σ.; |b διαγρ. πίν.; |c 24 εκ.+ |e 1 οπτική δισκέτα λέιζερ 3 1/2 ίν. | ||
| 504 | |a Περιλαμβάνει βιβλιογραφικές παραπομπές | ||
| 650 | 0 | 0 | |a Budget |z European Union countries. |
| 650 | 0 | |a Program budgeting |z Greece. | |
| 650 | 0 | 0 | |a Finance, Public. |
| 700 | 1 | |a Μητσός, Αχιλλέας, |d 1947- | |
| 710 | 2 | |a Ελληνικό 'Ιδρυμα Ευρωπαϊκής και Εξωτερικής Πολιτικής. | |
| 852 | |a INST |b CHIOS |e 20140729 |h 336 ΠΟΛ |p 005200036885 |q 005200036885 |t BK |y 0 | ||
| 852 | |a INST |b CHIOS |e 20140729 |h 336 ΠΟΛ |p 005200036887 |q 005200036887 |t BK |y 0 | ||
| 852 | |a INST |b CHIOS |e 20140730 |h 336 ΠΟΛ |p 005200036884 |q 005200036884 |t BK |y 0 | ||
| 852 | |a INST |b CHIOS |e 20140730 |h 336 ΠΟΛ |p 005200036886 |q 005200036886 |t BK |y 0 | ||
| 901 | |a BIBL2-2014-2 | ||
| 909 | |a Χ |b 180893 | ||
| 909 | |a Χ |b 180843 | ||
| 909 | |a Χ |b 180894 | ||
| 909 | |a Χ |b 180895 | ||
| 920 | |a ΤΡΑΠΕΖΑ ΤΗΣ ΕΛΛΑΔΟΣ |y ΧΙΟΣ |z 2014-07 | ||
| 970 | |a ΣΠΕΝΤΖΑ |b ΕΛΕΝΗ |z 2014/07/29 | ||